| 000 | 01075nam a2200289Ia 4500 | ||
|---|---|---|---|
| 001 | Para_10051 | ||
| 003 | CHAP | ||
| 008 | 220125sNovi xx 000 0 und d | ||
| 010 | _a208737 | ||
| 040 | _cCHAP | ||
| 090 | _aPA CD - TESIS 132 | ||
| 100 |
_aPeláez Cruz, Deyxi _986639 |
||
| 245 |
_aIncidencia de hongos en raíz de trigo (Triticum aestivum L.) en rotación con maíz (Zea mays) en camas permanentes con aplicación de nitrógeno / _c Deyxi Peláez Cruz; Director Santos Gerardo Leyva Mir |
||
| 260 |
_aChapingo, Méx. : _b el autor |
||
| 300 | _a1 CDS ROM (60 p.) | ||
| 502 | _aTesis (Ing. Agr. Esp. en Parasitología Agrícola). UACh. Departamento Parasitología Agrícola | ||
| 520 | _a(M.C. en Protección Vegetal) UACh | ||
| 700 |
_aLeyva Mir, Santos Gerardo. Director _9171335 |
||
| 710 |
_aUACh. Departamento Parasitología Agrícola _9164025 |
||
| 901 | _aPA CD - TESIS 132 | ||
| 902 | _aM | ||
| 905 | _a513220Noviembre, 2011 anm 8100000000 06 | ||
| 910 | _aNovi | ||
| 942 | _cPARA | ||
| 942 |
_cPARA _d2 |
||
| 999 |
_c208737 _d208737 |
||